Thị trường chứng khoán
Sách trình bày những vấn đề then chốt nhất trong thị trường chứng khoán như: lịch sử hình thành và phát triển thị trường chứng khoán, phân loại thị trường tài chính, sở giao dịch chứng khoán, ngân hành doanh nghiệp và thị trường chứng kho...
Shranjeno v:
| Glavni avtor: | |
|---|---|
| Format: | Knjiga |
| Jezik: | Undetermined |
| Izdano: |
Hà Nội
Thống kê
2000
|
| Teme: | |
| Oznake: |
Označite
Brez oznak, prvi označite!
|
| Thư viện lưu trữ: | Trung tâm Học liệu Trường Đại học Cần Thơ |
|---|
| LEADER | 01030nam a2200181Ia 4500 | ||
|---|---|---|---|
| 001 | CTU_39373 | ||
| 008 | 210402s9999 xx 000 0 und d | ||
| 082 | |a 332.642 | ||
| 082 | |b T550/2000 | ||
| 100 | |a Lê Văn Tư | ||
| 245 | 0 | |a Thị trường chứng khoán | |
| 245 | 0 | |c Lê Văn Tư, Lê Tùng Vân | |
| 260 | |a Hà Nội | ||
| 260 | |b Thống kê | ||
| 260 | |c 2000 | ||
| 520 | |a Sách trình bày những vấn đề then chốt nhất trong thị trường chứng khoán như: lịch sử hình thành và phát triển thị trường chứng khoán, phân loại thị trường tài chính, sở giao dịch chứng khoán, ngân hành doanh nghiệp và thị trường chứng khoán, và một số kinh nghiệm quản lý thị trường chứng khoán ở một số nước đi trước trong vấn đề này. | ||
| 650 | |a stock exchanges | ||
| 980 | |a Trung tâm Học liệu Trường Đại học Cần Thơ | ||